000 00321nam a22001337a 4500
008 170921b xxu||||| |||| 00| 0 eng d
020 _a039455101X
041 _aeng
080 _a7
100 _a45
101 _aART
245 _aAMERICAN FURNITURE IN THE METROPOLITAN MUSEUM OF ART
_cHECKSCHER, M.H
942 _2udc
_cBK
999 _c28638
_d28638